Three Stripe Flags - Sudden Death - Statistics

General Stats
  • This quiz has been taken 1,042 times
  • The average score is 5 of 15
Answers on the Grid
Answers color-coded by a green-red scale on the quiz's grid according to % correct below.
France
Netherlands
Colombia
Hungary
Benin
Madagascar
Sierra Leone
Yemen
Armenia
Nigeria
Chad
Romania
Gabon
Peru
Guinea
Kuwait
Ghana
Mexico
Ethiopia
Venezuela
Rwanda
Singapore
Kiribati
Tonga
Lesotho
Bosnia and Herzegovina
Iraq
Turkmenistan
Botswana
Maldives
 
Answer Stats
Answer % Correct
France
58%
Netherlands
52%
Romania
50%
Hungary
47%
Nigeria
47%
Peru
42%
Chad
39%
Colombia
39%
Armenia
35%
Yemen
31%
Sierra Leone
25%
Gabon
23%
Guinea
21%
Benin
11%
Madagascar
8%
No matching quizzes found
Score Distribution
Percent of People with Each Score
Percentile by Number Answered
Your Score History
You have not taken this quiz